Normal view
MARC view
- Østergård, Ole K.
Entry Personal Name
001 - CONTROL NUMBER
- control field: 58654
003 - CONTROL NUMBER IDENTIFIER
- control field: OSt
005 - DATE AND TIME OF LATEST TRANSACTION
- control field: 20240821115443.0
008 - FIXED-LENGTH DATA ELEMENTS
- fixed length control field: 240821|| aca||aabn | a|a d
040 ## - CATALOGING SOURCE
- Original cataloging agency: OSt
- Transcribing agency: OSt
100 ## - HEADING--PERSONAL NAME
- Personal name: Østergård, Ole K.
- Relator term: author.
670 ## - SOURCE DATA FOUND
- Source citation: Work cat.: (OSt): Østergård, Ole K. author., The effect of implementing the partners for change outcome management system in a nationwide student counseling service /, January 2020.
